| 000 | 01196nam a2200313 a 4500 | ||
|---|---|---|---|
| 001 | vtls001488831 | ||
| 003 | NLI | ||
| 005 | 20210627133350.0 | ||
| 008 | 121207s1986 dcu f000 0 eng | ||
| 039 | 9 |
_y201212071820 _zVLOAD |
|
| 040 |
_aNLI _beng _cDatasoft_FOD _eAACR2 |
||
| 041 | 0 | _aeng | |
| 044 | _a dcu | ||
| 082 | 0 | 4 | _a 363.19290973 |
| 110 | 1 |
_aUnited States. _bDepartment of Agriculture. _bFood Safety and Inspection Service _9934348 |
|
| 245 | 1 | 0 |
_aCombined compilation of meat and poultry inspection issuances / _cUnited States Department of Agriculture, Food Safety and Inspection Service |
| 260 |
_aWashington, D.C. : _bU.S. Dept. of Agriculture, Food Safety and Inspection Service, _c1986 |
||
| 300 |
_aVarious pagings ; _c29 cm. |
||
| 650 | 0 |
_aMeat inspection _zUnited States _9708481 |
|
| 650 | 0 |
_aPoultry _xInspection _zUnited States |
|
| 710 | 1 |
_aUnited States. _bInspection Operations _9934349 |
|
| 710 | 1 |
_aUnited States. _bDepartment of Agriculture _9706342 |
|
| 887 | _a | ||
| 901 |
_aAD 159973 _b15.10.2010 _91986 |
||
| 902 | _aU.S 363.19290973 Un 3 | ||
| 904 | _lF 6420 | ||
| 949 |
_AVIRTUAITEM _D10002 _X100 _6FOD000159973ENG _91986 |
||
| 942 |
_2ddc _cBKS |
||
| 999 |
_aVIRTUA40 _c937745 _d937745 |
||